[Event "Cap d'Agde Avenir op"]
[Site "Cap d'Agde"]
[Date "2008.10.26"]
[Round "2"]
[White "Brassoud, Raymond"]
[Black "Oppe, Jean Marc"]
[Result "1/2-1/2"]
[WhiteElo "1580"]
[BlackElo "1790"]
[PlyCount "87"]
[EventDate "2008.10.25"]
[EventType "swiss"]
[EventRounds "9"]
[EventCountry "FRA"]
[SourceTitle "EXT 2010"]
[Source "ChessBase"]
[SourceDate "2010.11.25"]
[SourceVersion "1"]
[SourceVersionDate "2010.11.25"]
[SourceQuality "1"]

1. d4 d5 2. Nf3 Bf5 3. e3 e6 4. c4 c5 5. Nc3 Nf6 6. Bd3 Ne4 7. 0-0 Nc6 8. a3 Nxc3 9. bxc3 Bg4 10. Be2 Be7 11. cxd5 exd5 12. h3 Bh5 13. Ra2 c4 14. Nh2 Bg6 15. Bf3 Na5 16. Qa4+ Nc6 17. Re1 0-0 18. e4 dxe4 19. Bxe4 Na5 20. Bxg6 fxg6 21. Rae2 Bd6 22. Ng4 h5 23. Ne5 Kh7 24. Nxc4 Nxc4 25. Qxc4 Rc8 26. Qd3 Qf6 27. a4 Qf5 28. Qxf5 Rxf5 29. Re6 Bf4 30. Bxf4 Rxf4 31. Re7 Rxc3 32. Rxb7 Rc2 33. Rf1 Rxd4 34. Rxa7 Ra2 35. a5 Rda4 36. Re1 Rxa5 37. Rxa5 Rxa5 38. h4 g5 39. Re4 gxh4 40. Rxh4 Kh6 41. g4 Kg6 42. Kg2 hxg4 43. Rxg4+ Rg5 44. Kg3 1/2-1/2